000 00659cam a2200145 4500500
005 20251228082947.0
041 _afre
042 _adc
100 1 0 _aRonzeaud, Pierre
_eauthor
245 0 0 _aHubert Carrier, Le labyrinthe de l’État. Essai sur le débat politique en France au temps de la Fronde (1648-1653), no 14, Paris, Honoré Champion, « Bibliothèque d’histoire moderne et contemporaine », 2004, 694 p.
260 _c2008.
500 _a32
786 0 _nDix-septième siècle | 240 | 3 | 2008-09-11 | p. 559a-565a | 0012-4273
856 4 1 _uhttps://shs.cairn.info/revue-dix-septieme-siecle-2008-3-page-559a?lang=fr&redirect-ssocas=7080
999 _c1600193
_d1600193